Normal view
MARC view
Entry Personal Name
001 - CONTROL NUMBER
- control field: 62286
003 - CONTROL NUMBER IDENTIFIER
- control field: dpl
005 - DATE AND TIME OF LATEST TRANSACTION
- control field: 20240220115347.0
008 - FIXED-LENGTH DATA ELEMENTS
- fixed length control field: 240220|| aca||aabn | a|a d
040 ## - CATALOGING SOURCE
- Original cataloging agency: dpl
- Transcribing agency: dpl
100 ## - HEADING--PERSONAL NAME
- Personal name: लाल
670 ## - SOURCE DATA FOUND
- Source citation: Work cat.: (dpl)200918: लाल, एस.एस.सी. मल्टी टास्किंग/
